000 00352nam a2200145Ia 4500
005 20260328101444.0
008 260328s9999||||xx |||||||||||||| ||und||
100 _aAymonino, Carlo
245 0 _aEl Significado de las Ciudades /
_cCarlo Aymonino
250 _aOriginal
260 _bBlume
300 _a364 p.
650 _aDISEÑO URBANO
942 _cBK
999 _c8385
_d8385